Instructor's Manual Refining Composition Skills: Rhetoric and Grammar. (Record no. 5029)

MARC details
005 - DATE AND TIME OF LATEST TRANSACTION
control field 20250625113011.0
020 ## - INTERNATIONAL STANDARD BOOK NUMBER
International Standard Book Number 0-8384-0224-4
082 ## - DEWEY DECIMAL CLASSIFICATION NUMBER
Classification number 808.042 SMA
100 ## - MAIN ENTRY--PERSONAL NAME
Author name SMALLEY, R. L.
245 ## - TITLE STATEMENT
Title Instructor's Manual Refining Composition Skills: Rhetoric and Grammar.
250 ## - EDITION STATEMENT
Edition statement 5th Ed.
260 ## - PUBLICATION, DISTRIBUTION, ETC.
Place of publication, distribution, etc. New York.
Name of publisher, distributor, etc. Thomson Learning,
Date of publication, distribution, etc. 2001.
300 ## - PHYSICAL DESCRIPTION
Extent v, 89p.:
Other physical details Index & References
Dimensions 27cm
700 ## - ADDED ENTRY--PERSONAL NAME
Other authors/Editors RUETTEN, M. K. KOZYREV, J. R.
942 ## - ADDED ENTRY ELEMENTS (KOHA)
Source of classification or shelving scheme Dewey Decimal Classification
Koha item type Books
Holdings
Date last seen Total checkouts Full call number Barcode Cost, replacement price Price effective from Koha item type Lost status Source of classification or shelving scheme Damaged status Not for loan Withdrawn status Home library Current library Shelving location Date acquired Cost, normal purchase price
06/25/2025   808.o42 S DOM0002761 75000.00 06/25/2025 Books   Dewey Decimal Classification       CBE Dodoma CBE Dodoma General Collection 06/07/2003 25000.00
06/25/2025   808.o42 S DOM0002762 75000.00 06/25/2025 Books   Dewey Decimal Classification       CBE Dodoma CBE Dodoma General Collection 06/07/2003 25000.00
06/25/2025   808.o42 S DOM0002763 75000.00 06/25/2025 Books   Dewey Decimal Classification       CBE Dodoma CBE Dodoma General Collection 06/07/2003 25000.00